LEADER 01763nas a2200349 a 4500 001 000000114720 003 CaOOAMICUS 005 20200706112404.0 008 090226c18619999vc 0 ita r 032 $aLibriCat 040 $aPUL$bita$dLaci 041 $aita$alat 130 0 $aOsservatore romano$lItaliano.$0(OLS)http://pul/title/144173 245 12$aL'Osservatore romano. 260 $a[Cittą del Vaticano] :$bOsservatore romano,$c1861-$e(Cittą del Vaticano :$fTipografia Vaticana Editrice) 300 $a v. :$bill., foto ;$c45 cm. 310 $aQuotidiano 362 0 $aAnno 1, no. 1 (1 luglio 1861)- 500 $aCompl. del tit. : "Giornale quotidiano politico religioso. Unicuique suum non praevalebunt". 500 $aPubblicato settimanalmente in inglese, spagnolo, tedesco, francese, portoghese, italiano; mensilmente in polacco. 500 $aDal n.69 del 26 marzo 2020 il quotidiano non viene stampato, a causa dell'emergenza dovuta al covid-19. I singoli numeri sono disponibili in formato PDF 546 $aArticoli in italiano e latino 610 24$aChiesa cattolica$vPeriodici.$0(OLS)http://pul/subject/25856 610 14$aSanta sede$vPeriodici.$0(OLS)http://pul/subject/37479 770 1 $tDonne chiesa mondo.$d[Cittą del Vaticano] : Osservatore romano, 2012-$w()134197 776 1 $tOsservatore romano$d[Cittą del Vaticano] : Osservatore romano, 1861-$w()114722 850 $aPUL 852 $aPUL$W1$xDP1 Riviste Correnti$y15$mDP 1383$j131203$aA. 1952-$qPeriodici$B130164$CPULBib$Z2$F130164 $82 941 1 $a5 996 $6245$aL'Osservatore romano$9(OLS)http://pul/title/144174 996 $6260$a[Cittą del Vaticano] :$bOsservatore romano$9(OLS)http://pul/publisher/68711 LEADER 01513nam a2200361 a 4500 001 000000175888 003 CaOOAMICUS 005 20230530134209.0 008 230530s2013 it u000 u ita r 020 $a978881524621* 032 $aLibriCat 040 $aPUL$bita$d 082 00$a349.4 100 1 $aHespanha, António Manuel,$d1945-2019.$0(OLS)http://pul/name/113024 240 10$aCultura juridica Europeia.$lItaliano.$0(OLS)http://pul/title/217366 245 13$aLa cultura giuridica europea /$cAntonio M. Hespanha. 250 $aTerza edizione. 260 $aBologna :$bIl Mulino,$c©2013. 300 $a408 p. ;$c24 cm 490 1 $aManuali. Diritto 500 $aTraduzione di Giovanni Damele ; edizione italiana a cura di Aldo Mazzacane. 504 $aBibliografia: p. [379]-397. 650 14$aDiritto$zEuropa$xStoria.$0(OLS)http://pul/subject/6942 700 1 $aMazzacane, Aldo.$0(OLS)http://pul/name/90685 830 0$aManuali (il Mulino).$pDiritto.$0(OLS)http://pul/title/144070 850 $aPUL 852 $aPUL$W1$xSL Diritto e Scienze Sociali 3$y79$m349. 4 HESAN 1$j200053$qDDC 21$B204835$CPULBib$Z2$F204835 $H136261 $82 941 1 $a9 996 $6020$a978881524621*$9(OLS)http://pul/number/169131 996 $6082$a349.4$9(OLS)http://pul/classification/1907 996 $6245$aLa cultura giuridica europea$9(OLS)http://pul/title/217365 996 $6260$aBologna :$bIl Mulino$9(OLS)http://pul/publisher/47928